Vysúvaný most pri Prešove - alternatívne riešenie premostenia.
Salvato in:
| Autore principale: | |
|---|---|
| Altri autori: | |
| Natura: | Manoscritto Libro |
| Lingua: | slovacco |
| Pubblicazione: |
2021
|
| Soggetti: | |
| Accesso online: | http://is.stuba.sk/zp/portal_zp.pl?podrobnosti=158629 https://opac.crzp.sk/?fn=detailBiblioForm&sid=7E417B54B864B7C45220FA4635AB |
| Tags: |
Nessun Tag, puoi essere il primo ad aggiungerne!!
|
MARC
| LEADER | 00000ntm a22000003a 4500 | ||
|---|---|---|---|
| 001 | stuzp83942 | ||
| 003 | SK-STU | ||
| 005 | 20230515080633.8 | ||
| 007 | ta | ||
| 008 | 150427s2015----xo-----f-mn---000-0-slo-d | ||
| 040 | |a STU |b slo | ||
| 041 | 0 | |a slo | |
| 100 | 1 | |a Kopásek, Denis |u 010110 |4 aut |U SvF Stavebná fakulta |T SvF Katedra betónových konštrukcií a mostov |X 87392 |U V110 |Y 11 |7 87392 | |
| 242 | 0 | 1 | |a Bridge built by incremental launching method in Prešov - alternative solution |y eng |
| 245 | 1 | 0 | |a Vysúvaný most pri Prešove - alternatívne riešenie premostenia. |
| 260 | |c 2021 | ||
| 650 | 4 | |a dočasný pylón |2 slo | |
| 650 | 4 | |a predpätie |2 slo | |
| 650 | 4 | |a viacpoľový most |2 slo | |
| 650 | 4 | |a vysúvanie |2 slo | |
| 650 | 4 | |a incremental launching method |2 eng | |
| 650 | 4 | |a temporary pylon |2 eng | |
| 650 | 4 | |a prestressing |2 eng | |
| 650 | 4 | |a multispan bridge |2 eng | |
| 700 | 1 | |a Paulík, Peter |u 010110 |k Z1 |4 ths |U SvF Stavebná fakulta |T SvF Katedra betónových konštrukcií a mostov |X 11217 |U V110 |Y 11 |7 A000011217 | |
| 856 | 4 | |u http://is.stuba.sk/zp/portal_zp.pl?podrobnosti=158629 | |
| 856 | 4 | |u https://opac.crzp.sk/?fn=detailBiblioForm&sid=7E417B54B864B7C45220FA4635AB | |